000 01272nam0a2200301 4500
001 RU\NLR\bibl\1135273
005 20250615072404.0
035 _a(NLR Aleph) 001122159
090 _a1304961
_c1304961
100 _a20071003d2006 |||y0rusy50 ca
101 0 _arus
102 _aRU
105 _aa |||||||||
200 1 _aУправление свойствами соединений сплавов циркония
_eмонография
_fСлободян М.С.
_gТом. политехн. ун-т
210 _aТомск
_cИзд-во ТПУ
_d2006
215 _a108 с.
_cил.
_d20
313 _aматериал элементов активной зоны ядерных реакторов
320 _aБиблиогр.: с. 98-106 (182 назв.)
606 1 _aЯдерные реакторы
_xТопливные элементы
_xОболочки из циркония
_91129313
_3RU\NLR\auth\66128987
606 1 _aЦиркониевые сплавы
_91378736
_3RU\NLR\auth\66578442
686 _aЗ46-042.2-03
700 1 _aСлободян
_bМ. С.
_f1978-
_gМихаил Степанович
_4070
801 0 _aRU
_bNLR
_c20071003
_gRCR
801 1 _aRU
_bNLR
_c20071003
830 _aавт. по кн.
942 _cBOOK
980 _aNB